000 00480nam a2200169 i 4500
001 104065
003 ES-MaACL
005 20230906183513.0
007 t|
008 051122s1958 sp ||||1| spa d
245 0 0 _aMétodo gradual para aprender el Euzkera
_b: primer grado.
250 _a5ª ed. corr.
260 _aZarautz :
_bItxaropena,
_c1958.
300 _a157 p. ;
_c21 cm.
500 _aPrecede al tít.: Euskeltzale-Bazkuna.
852 _aES-MaACL
_jC-17581
_bR.43801
999 _c104065
_d104065